000 00625nam a2200241Ia 4500
003 OSt
005 20221005081133.0
006 a|||||r|||| 00| 0
007 ta
008 221004b |||||||| |||| 00| 0 eng d
024 _a31810
037 _cTextual
040 _aCRL
_cCRL
_beng
041 _2eng
_aeng
082 _aB0bD, N5
100 _aChandrika Prasad
_9610862
245 0 _aMathematics for engineers
260 _aNew Delhi
_bPrasad Mudranalaya India
_c1995
300 _a390p.
_ccm.
650 _aMATHEMATICS
942 _hB0bD, N5
_cTEXL
_2cc
999 _c987234
_d987234